| 000 | 01087cam a22003257a 4500 | ||
|---|---|---|---|
| 003 | CHAP | ||
| 005 | 20220329142409.0 | ||
| 008 | 001116d2000 mx r 00110 esp d | ||
| 010 | _a82860 | ||
| 011 | _a83832 | ||
| 020 | _a9701503058 | ||
| 035 | _a94349 | ||
| 040 | _cCHAP | ||
| 082 | 0 | 4 |
_a005.8 _bM3 |
| 100 | 0 | 0 |
_aMarcelo Rodao, Jesús de. _971258 |
| 245 | 1 | 0 |
_aGuía de campo de los virus informáticos _c/por Jesús de Marcelo Rodao |
| 260 |
_aMéxico, D. F. : _bAlfaomega, _c2000. |
||
| 300 | _a363 p. + 1 disquete 3 1/2 | ||
| 590 |
_aBATCH-UPD _b10 _c20130110 _lUCH01 _h0218 |
||
| 590 |
_aBATCH-UPD _b10 _c20130110 _lUCH01 _h0755 |
||
| 590 |
_aBATCH-UPD _b10 _c20130409 _lUCH01 _h2238 |
||
| 590 |
_aBATCH-UPD _b10 _c20130914 _lUCH01 _h1759 |
||
| 590 |
_aCONVERSION _b10 _c20130109 _lUCH01 _h1346 |
||
| 650 | 1 | 4 |
_aProcesamiento automático de datos _xMedidas de seguridad. _991743 |
| 650 | 1 | 4 |
_aVirus informáticos. _9119970 |
| 901 | _aBK | ||
| 905 | _aLilia Sánchez G. | ||
| 942 | _cLIBRO | ||
| 949 |
_a005.8 M3 _bBC _cLIBRO _d33724000804290 _eLIBRO _gI.208343 _h99101 _i94349 _si _t$134.80 |
||
| 999 |
_c82860 _d82860 |
||